| 000 | 00373 a2200145 4500 | ||
|---|---|---|---|
| 001 | 164347 | ||
| 020 | _a | ||
| 040 | _cMagnum | ||
| 100 | _aFerretti, Celso Joao Et Al. | ||
| 240 | 1 | 0 |
_aTrabalho formacao e curriculo: para onde vai a escola ? _lpor |
| 245 | 1 | 0 | _aTrabalho formacao e curriculo: para onde vai a escola ? |
| 362 | 0 | _a1899 | |
| 697 | _aENSINO | ||
| 942 | _cBK | ||
| 999 |
_c164347 _d164347 |
||